000 00765nam a2200217 a 4500
001 000031021
005 20250131205119.0
008 110610s1920 dr 000 0 spa d
040 _aDO-SdBNP
_bspa
_cBNPHU
082 _a340.711
_bU58p
110 2 _aUniversidad de Santo Domingo
_937767
245 1 0 _aProgramas de la facultad de derecho.
260 _aSanto Domingo :
_bServicio Nacional de Instrucción Pública,
_c1920
_fImpr. de J.R. Vda. García
300 _a229 p. ;
_c25 cm.
650 4 _aDerecho
_xEnseñanza
_vPROGRAMAS
_957518
650 4 _aPlanes de estudio universitario
_936829
650 4 _aPlanificación curricular
_936736
710 1 _aUniversidad Autónoma de Santo Domingo
_972951
910 _aValidado. Control de calidad EMS
049 _aBNPD
999 _c30513
_d30513